000 00295nam a2200121Ia 4500
008 180117s9999 xx 000 0 und d
100 _aby AA Patawaran
245 _aWHWN
260 _c2017
300 _a22-23 pages, 2017 June 18
440 _aPhilippine Panorama
650 _aNO READ NO WRITE
999 _c353625
_d353625